000 01125nam a22002537a 4500
001 19006
003 BD-RjUL
005 20211209000354.0
008 140223s2008 ii |||| |||| 001 0 eng d
020 _a 8176220876
020 _a9788176220873
035 _a(BD-RjUL)19064
040 _aBD-RjUL
_beng
_cBD-RjUL
041 _aeng
082 0 4 _a636.08969
_bDIS 2008
245 _aDiseases and parasites of sheep & goats /
_ceditor, Gove Hambidge.
260 _aDelhi :
_b Biotech Books,
_c2008
300 _a149 p. :
_b ill. ;
_c23 cm.
504 _aIncludes Index
505 _a Foot rot of sheep / M.S. Shahan -- Sore mouth of sheep and goats / M.S. Shahan -- Miscellaneous diseases of sheep and goats / M.S. Shahan -- Internal parasites of sheeps and goats / G. Dikmans & D.A. Shorb -- Sheep scab and its control / A.W. Miller -- Sheep ticks / Marion Imes & O.C. [i.e. O.G.] Babcock -- Goat lice / O.G. Babcock & E.C. Cushing -- Pregnancy disease of sheep / M.S. Shahan -- Lunger disease of sheep / G.T. Creech
650 _a Sheep -- Diseases.
_958575
700 1 _a Hambidge, Gove
_958576
942 _2ddc
_cBK
999 _c19006
_d19006